[Event "Marienbad GM-II 2022"]
[Site "Marianske Lazne"]
[Date "2022.01.20"]
[Round "7.7"]
[White "Stefansson, Hannes"]
[Black "Ghazarian, Kirk"]
[Result "1-0"]
[WhiteElo "2518"]
[BlackElo "2346"]
[Annotator "TA"]
[PlyCount "79"]
[EventDate "2022.01.15"]
[EventType "tourn"]
[EventCountry "CZE"]
[SourceTitle "playchess.com"]
[Source "ChessBase"]
[SourceQuality "1"]

{[%evp 14,79,18,23,38,30,31,18,20,15,0,0,37,40,38,37,53,39,45,0,26,23,55,68,91,76,101,74,106,86,103,36,8,6,94,100,104,69,50,45,377,41,51,45,36,33,195,108,477,455,461,461,414,422,606,596,1728,1720,1220,729,29965,6179,29986,29987,29988,29989,29987,29986]} 1. e4 c5 2. Nf3 {[%cal Bg1f3,Bf3d4,Bd4b5,Bb5a3,Ba3c2][%mdl 32]} Nc6 3. d4 cxd4 4. Nxd4 e5 5. Nb5 d6 6. c4 Be6 {is now more promising than 6...Be7.} 7. N1c3 a6 8. Na3 g6 {B32: Sicilian: Löwenthal and Kalashnikov Variations.} 9. Nd5 Bg7 10. Be3 {Bb6 is the strong threat.} (10. Bd3 {seems wilder.} Nf6 11. Bg5 h6 12. Be3 O-O 13. Bb6) 10... Nd4 {[#] The position is equal.} 11. Nc2 $146 {[%cal Rc2d4]} ({Predecessor:} 11. Bd3 Nf6 12. Bg5 h6 13. Nxf6+ Bxf6 14. Nc2 Nxc2+ 15. Qxc2 Rc8 16. Qe2 Bxg5 17. b3 Qf6 18. Qe3 h5 19. h3 h4 20. Rd1 Qd8 21. Qd2 Qa5 {½-½ (21) Shome,S (2263)-Mirzoev,E (2454) Mersin 2019}) 11... Bxd5 12. cxd5 Qb6 13. Bd3 Nf6 $1 14. Nxd4 exd4 15. Qa4+ Nd7 16. Bd2 (16. Bg5 $14 {is more appropriate.}) 16... Qd8 17. Bb4 Be5 18. O-O {Black must now prevent f4.} g5 19. Rac1 O-O 20. Qa3 {White is more active.} Nf6 21. Bd2 Nd7 22. Be2 (22. Bb1 $16) 22... Nc5 $1 $14 23. Qf3 {Black should prevent b4.} d3 (23... Re8 $11) 24. Bxd3 $16 Bxb2 {[#]} 25. Rxc5 {[%mdl 512]} dxc5 26. e5 $36 {[%cal Be4e5,Be5e6][%mdl 2080] Black is under pressure.} ({Much weaker is} 26. Rb1 Qf6 $11) 26... f6 $2 {[%mdl 8192]} (26... Bxe5 $14 27. Qf5 Re8) 27. Qf5 $2 ({White must play} 27. d6 $18 c4 {[#]} 28. Bxh7+ $1 {[%mdl 512]} (28. Bxc4+ Kh8 $18) (28. Qxb7 cxd3 29. Qb3+ Kg7 $16) 28... Kxh7 29. Qxb7+ Kg6 30. Qxb2) 27... Rf7 $14 28. e6 Rg7 29. h4 Qc7 $2 ({Black should play} 29... h6 $14) 30. Re1 (30. hxg5 $18 fxg5 31. Bxg5) 30... Re8 $2 {[%mdl 8192]} (30... gxh4 $2 31. Bh6 Re7 32. Bf4 $18) (30... Qe7 $16) 31. hxg5 $18 fxg5 32. Bxg5 c4 33. Bc2 {Dancing on a razor blade. This bishop pair is nice.} Rf8 (33... Bd4 $142 34. Bf4 Qc5) 34. Qe4 {Strongly threatening e7.} ({Weaker is} 34. e7 Rxf5 35. Bxf5 Rxe7 36. Rxe7 Qb6 $14) 34... Rg6 {[#]} 35. e7 $1 Re8 36. Bf4 Qc5 37. d6 {d7 would kill now.} Qb5 38. a4 {White mates.} Qd7 39. Qd5+ Kg7 40. Bf5 {Weighted Error Value: White=0.28 (precise) /Black=0.98} 1-0

[Event "Marienbad GM-II 2022"]
[Site "Marianske Lazne"]
[Date "2022.01.20"]
[Round "7.8"]
[White "Rasik, Vitezslav"]
[Black "Finek, Vaclav"]
[Result "1/2-1/2"]
[WhiteElo "2424"]
[BlackElo "2423"]
[Annotator "TA"]
[PlyCount "33"]
[EventDate "2022.01.15"]
[EventType "tourn"]
[EventCountry "CZE"]
[SourceTitle "playchess.com"]
[Source "ChessBase"]
[SourceQuality "1"]

{[%evp 12,33,0,10,10,-5,3,-11,-15,-18,-22,-15,-16,-24,-17,-15,-3,-19,-25,-26,0,-43,21,19]} 1. e4 c5 2. Nf3 e6 3. d3 Nc6 4. g3 g6 5. Bg2 Bg7 6. O-O Nge7 7. c3 e5 {A04: Unusual lines after 1 Nf3 and King's Indian Attack.} 8. Nbd2 O-O 9. Nb3 d6 10. d4 exd4 11. cxd4 c4 {[#]} 12. d5 $146 ({Predecessor:} 12. Nbd2 d5 13. exd5 Qxd5 14. Re1 Be6 15. b3 c3 16. Ne4 Qa5 17. Bg5 Nd5 18. Be3 Nxe3 19. fxe3 {0-1 (25) Nalepovic,J (2218)-Hindicky,F (2218) Slovakia 2003}) 12... cxb3 13. dxc6 Nxc6 14. Qxb3 Qb6 15. Qa4 Be6 (15... Bxb2 $2 16. Rb1 $18) 16. Ng5 (16. Be3 $11 {deserves consideration.} Qxb2 17. Ng5 (17. Rab1 Qxa2 18. Qxa2 Bxa2 $15)) 16... Qd4 ({But not} 16... Bxb2 {[#]} 17. Nxe6 $1 (17. Rb1 Bxc1 18. Rfxc1 Qd4 $11) 17... fxe6 18. Rb1 $16) ({Better is} 16... Bd7 $15) 17. Qxd4 {An interesting draw.  Weighted Error Value: White=0.10 (very precise) /Black=0.14 (very precise)} 1/2-1/2

[Event "Marienbad GM-II 2022"]
[Site "Marianske Lazne"]
[Date "2022.01.20"]
[Round "7.9"]
[White "Malinovsky, Karel"]
[Black "Wachinger, Nikolas"]
[Result "1/2-1/2"]
[WhiteElo "2471"]
[BlackElo "2360"]
[Annotator "TA"]
[PlyCount "81"]
[EventDate "2022.01.15"]
[EventType "tourn"]
[EventCountry "CZE"]
[SourceTitle "playchess.com"]
[Source "ChessBase"]
[SourceQuality "1"]

{[%evp 17,81,8,15,10,15,0,0,0,0,0,0,0,0,0,0,0,0,0,0,0,0,0,0,0,0,0,0,0,0,0,0,0,0,0,0,0,0,0,0,0,0,0,0,0,0,0,0,0,0,0,0,0,0,0,0,0,0,0,0,0,0,0,0,0,0,0]} 1. e4 e5 2. Nf3 Nf6 3. d4 Nxe4 4. Bd3 d5 5. Nxe5 Nd7 6. Nxd7 Bxd7 7. O-O Bd6 8. Nc3 Nxc3 9. bxc3 O-O {The position is equal.} 10. Qh5 {[%csl Gd3,LRd5,LRh7][%cal Rh5h7] [#] To avoid Qh4. C43: Petroff Defence: 3 d4.} f5 $1 11. Re1 c6 12. Bg5 Qc7 13. Re3 $1 {[%mdl 4] now scores much better than the old 13.c4.} g6 14. Qh4 Rae8 15. Rae1 Rxe3 16. Rxe3 b5 17. Be7 Re8 18. Qf6 Bxe7 19. Rxe7 Rxe7 20. Qxe7 Qc8 21. h4 a5 22. Kh2 Qe8 23. Qf6 a4 24. Kg3 Qb8+ 25. Kf3 {[%cal Oh4h5]} Qf8 26. Qe5 Kf7 27. g3 h5 28. Qc7 Ke6 29. Qe5+ Kf7 30. Qc7 Ke6 {[#]} 31. Ke3 $146 ({Predecessor:} 31. Qf4 Qa3 32. Qh6 Be8 33. Qh8 Kd7 34. Qg7+ Ke6 35. Qh8 Kd7 36. Qg7+ Ke6 37. Qh8 Kd7 38. Qg7+ Ke6 39. Qh8 Kd7 40. Qg7+ Ke6 41. Qh8 {½-½ (40) Kobalia,M (2590)-Esipenko,A (2683) Sochi 2020}) 31... Qh6+ 32. Ke2 Qf8 33. f3 Qd6 34. Qxd6+ Kxd6 $11 {[%mdl 4096] Endgame KB-KB} 35. a3 Ke7 36. Ke3 Kf6 37. Be2 Be6 38. Bd1 Bd7 39. Be2 Be6 40. Bd1 Bd7 41. Be2 {A balanced but interesting game.  Weighted Error Value: White=0.01 (flawless) /Black=0.00 (flawless)} 1/2-1/2

[Event "Marienbad GM-II 2022"]
[Site "Marianske Lazne"]
[Date "2022.01.20"]
[Round "7.10"]
[White "Braeuer, Franz"]
[Black "Kusa, Jakub"]
[Result "1/2-1/2"]
[WhiteElo "2435"]
[BlackElo "2312"]
[Annotator "TA"]
[PlyCount "49"]
[EventDate "2022.01.15"]
[EventType "tourn"]
[EventCountry "CZE"]
[SourceTitle "playchess.com"]
[Source "ChessBase"]
[SourceQuality "1"]

{[%evp 12,49,13,5,9,-4,8,11,16,10,6,10,7,10,30,21,17,12,18,6,26,0,0,0,0,0,0,-18,-18,-14,-22,-23,-30,-20,0,0,0,0,0,-5]} 1. e4 e5 2. Nf3 Nc6 3. Bb5 {[%cal Bf1b5,Bb5a4,Ba4b3][%mdl 32]} a6 4. Ba4 Nf6 5. d3 b5 6. Bb3 Be7 7. Nc3 {7.a4 is setting a new trend.} O-O {C77: Ruy Lopez: 3...a6 4 Ba4 Nf6, unusual lines.} 8. Nd5 d6 9. Nxe7+ Qxe7 10. Bg5 h6 11. Bh4 {[#]} Be6 $146 ({Predecessor:} 11... Na5 12. Qd2 Nxb3 13. axb3 Bg4 14. O-O-O Qe6 15. h3 Bxf3 16. gxf3 Nh5 17. Rdg1 f5 18. exf5 Rxf5 {0-1 (38) Gomez Rondon,S (1759)-Hernandez,J (1866) Antioquia 2020}) 12. O-O Nb8 13. Re1 c5 14. Nd2 Nc6 15. c3 Bxb3 16. Qxb3 (16. Nxb3 {keeps more tension.} a5 17. a4 b4 18. Rc1 Rfc8 19. Qf3) 16... Qe6 17. Bxf6 Qxf6 18. Nf1 Qe6 19. Qd5 Qxd5 20. exd5 Ne7 21. d4 cxd4 22. cxd4 Nxd5 {The position is equal.} 23. dxe5 dxe5 24. Rxe5 Rfd8 25. g3 {Not much happened in this game.  Weighted Error Value: White=0.04 (flawless) /Black=0.03 (flawless)} 1/2-1/2

[Event "Marienbad GM-II 2022"]
[Site "Marianske Lazne"]
[Date "2022.01.21"]
[Round "8.6"]
[White "Lalith Babu M R"]
[Black "Kusa, Jakub"]
[Result "1-0"]
[WhiteElo "2553"]
[BlackElo "2312"]
[Annotator "TA"]
[PlyCount "85"]
[EventDate "2022.01.15"]
[EventType "tourn"]
[EventCountry "CZE"]
[SourceTitle "playchess.com"]
[Source "ChessBase"]
[SourceQuality "1"]

{[%evp 18,85,14,16,27,25,18,16,18,15,15,20,26,0,19,-6,3,16,13,-21,6,0,10,0,10,0,109,109,104,101,177,162,189,183,183,183,189,183,199,194,193,196,217,217,200,165,163,124,238,195,197,214,287,260,446,252,250,249,260,256,401,379,991,364,29993,29994,29994,29995,29995,318]} 1. c4 e6 2. Nc3 d5 3. d4 Nf6 4. cxd5 exd5 5. Bg5 Nbd7 6. e3 c6 7. Bd3 Be7 8. Nge2 O-O 9. O-O h6 10. Bh4 Nh5 {D35: Queen's Gambit Declined: Exchange Variation.} 11. Bxe7 Qxe7 12. Rb1 a5 {The position is equal.} 13. Qc2 Nb6 14. a3 a4 15. Qd1 Qg5 {[#]} 16. Bc2 $146 ({Predecessor:} 16. Qc2 Re8 17. Rbe1 Bg4 18. Ng3 Nxg3 19. hxg3 h5 20. f3 Bd7 21. Qf2 Bf5 22. e4 dxe4 23. fxe4 {½-½ (64) Hermesmann,H (2242)-Bente,B (2216) Germany 2018}) 16... Bf5 17. Bxf5 Qxf5 18. h3 Nf6 19. Ng3 Qe6 20. Qc2 Rfe8 21. Rfc1 Ne4 (21... Qd7 $11 {keeps the balance.}) 22. Ngxe4 $16 dxe4 23. b3 Ra7 (23... axb3 $16 24. Rxb3 c5) 24. bxa4 $18 ({Don't play} 24. Nxa4 $6 Nd5 $16) 24... Nd5 25. Nxd5 Qxd5 26. Rb4 f5 27. Qe2 Rea8 28. Rc5 Qf7 29. Qc2 Ra5 30. Rxa5 Rxa5 {[%mdl 4096] Endgame KQR-KQR} 31. Qb2 Ra7 32. a5 Qe7 (32... f4 $16 {was called for.} 33. Qb1 (33. exf4 Qxf4 34. a4 Qg5 $16) 33... f3) 33. Qb3+ Kh7 34. a4 f4 35. exf4 Qd6 $2 {[#]} (35... Qd7 {was worth a try.} 36. Rb6 Qxd4 37. Rxb7 Rxb7 38. Qxb7 e3 39. Qb1+ (39. Qxc6 Qd1+ 40. Kh2 exf2 $11) 39... Kh8 40. Qb8+ Kh7 41. fxe3 Qxe3+ 42. Kh2 Qe2) 36. g3 (36. Rxb7 $142 Rxa5 37. Qf7 Qxd4 38. Rb8 Qd1+ 39. Kh2) 36... Rxa5 37. Rxb7 {Threatens to win with Qc3.} Qxd4 38. Rb4 Qa1+ (38... Qd3 $142 39. Qe6 Qd1+ 40. Kh2 Qf3 41. Qxe4+ Qxe4 42. Rxe4 g6) 39. Kg2 Qe1 {[#]} (39... Rd5 40. Qe3 Qf6 41. Rxe4 c5) 40. Qc4 $2 (40. Rb8 {Threatening mate with Qg8+.} Rd5 41. Qc4) 40... e3 $2 (40... Ra8 $18 41. Rb3 c5) 41. Qe4+ {White mates.} Kg8 42. Rb8+ Kf7 43. Qe8+ {Weighted Error Value: White=0.28 (precise) /Black=0.67} 1-0

[Event "Marienbad GM-II 2022"]
[Site "Marianske Lazne"]
[Date "2022.01.21"]
[Round "8.7"]
[White "Wachinger, Nikolas"]
[Black "Braeuer, Franz"]
[Result "0-1"]
[WhiteElo "2360"]
[BlackElo "2435"]
[Annotator "TA"]
[PlyCount "94"]
[EventDate "2022.01.15"]
[EventType "tourn"]
[EventCountry "CZE"]
[SourceTitle "playchess.com"]
[Source "ChessBase"]
[SourceQuality "1"]

{[%evp 18,94,26,15,17,24,18,20,22,19,19,0,0,-2,0,-53,-48,-89,-105,-122,-132,-235,-229,-200,-192,-351,-358,-338,-341,-355,-349,-349,-320,-410,-387,-733,-735,-721,-677,-856,-790,-995,-959,-1090,-1090,-1045,-1027,-29984,-1006,-2539,-1373,-29956,-29955,-29995,-122,-29996,-29997,-29997,-338,-29958,-29959,-29954,-29959,-29953,-29958,-9692,-29950,-9692,-9079,-29971,-6632,-9168,-7593,-5306,-5222,-29982,-29983,-29982,-29980]} 1. d4 Nf6 2. c4 e6 3. Nc3 Bb4 4. Qc2 d5 5. a3 Bxc3+ 6. Qxc3 Ne4 7. Qc2 c5 8. dxc5 Nc6 9. e3 {9.Nf3 is a critical line.} Qa5+ 10. Bd2 Qxc5 {E37: Nimzo-Indian: Classical: 4...d5 5 a3 Bxc3+ 6 Qxc3 Ne4.} (10... Qxd2+ 11. Qxd2 Nxd2 12. Kxd2 $14) 11. b4 Qe7 {...Qf6 is the strong threat.} 12. Nf3 O-O {The position is equal.} 13. Bd3 Nxd2 {[#]} 14. Qxd2 $146 (14. Bxh7+ Kh8 15. Kxd2 (15. Nxd2 f5 $17) 15... f5 $17) ({Predecessor:} 14. Nxd2 h6 15. O-O Ne5 16. Be2 Nxc4 17. Nxc4 dxc4 18. Qxc4 b6 19. Rac1 Rd8 20. Rfd1 Rxd1+ 21. Bxd1 {½-½ (31) Sokolov,I (2625)-Lobron,E (2580) Amsterdam 1994}) 14... dxc4 15. Bxc4 e5 {[%cal Be6e5,Be5e4][%mdl 32]} 16. Bd5 (16. O-O $11) 16... Rd8 $15 {Strongly threatening ...e4.} 17. Qa2 (17. e4 $1 $15) 17... e4 $1 $17 18. Nd2 a5 19. b5 (19. bxa5 $17 Rxa5 20. Bxe4) 19... Ne5 $19 20. Nxe4 Nd3+ 21. Ke2 $2 {[#]} (21. Kf1) 21... Bf5 $1 22. f3 {[#]} Qe5 $1 23. Bxb7 Rab8 ({Avoid the trap} 23... Qxb5 $2 24. Rhb1 Nb4+ 25. Kf2 Qxb7 26. axb4 Bxe4 27. fxe4 axb4 28. Qc4 $19) 24. Bc6 Bxe4 {The board is on fire.} 25. Bxe4 Qxb5 26. Bxd3 (26. Rhb1 Nb2+ 27. Ke1 (27. Kf2 $2 Rd2+ 28. Kg1 Qe2 $19)) 26... Rxd3 27. a4 Qa6 28. Rhb1 {Prevents Rb2+.} Rbd8 ({Not} 28... Rxb1 29. Rxb1 Ra3+ 30. Ke1 Rxe3+ 31. Kf2 $11) 29. Ke1 {[#] To avoid Rd2} Qh6 $1 30. Qf2 Qxh2 {[%cal Od3d2]} 31. Kf1 Rd2 32. Qg1 Qe5 (32... Qg3 $142 33. Rc1 h5 34. Ra3 h4 35. e4 g5 36. Rb3 h3 37. gxh3 Rd1+ 38. Rxd1 Rxd1+ 39. Ke2 Qxg1 40. Rb8+ Kh7 41. Rh8+ Kxh8 42. f4 Qf1+ 43. Ke3 gxf4#) 33. Re1 h6 34. Rac1 Ra2 35. Red1 Rxd1+ 36. Rxd1 {[%mdl 4096] Endgame KQR-KQR. White does not recover from this.} Qb2 {[%csl Ga2][%cal Rb2e2] To avoid Qf2} 37. Re1 Rxa4 $2 (37... Qd2 {mates} 38. g4 Qd3+ 39. Re2 Qxe2#) 38. Qh2 $2 (38. Qf2 $19 Qb3 39. f4) 38... Ra2 {[%csl Ga2][%cal Rb2f2]} 39. Qg3 a4 40. Kg1 Ra1 41. Rxa1 Qxa1+ {KQ-KQ} 42. Kh2 a3 {[%cal Ba4a3,Ba3a2][%mdl 32]} 43. Qb8+ Kh7 44. Qf4 Qa2 45. e4 Qe6 {( -> ...a2)} 46. e5 a2 47. Qd4 Qg6 {Weighted Error Value: White=1.11/Black=0.43} 0-1

[Event "Marienbad GM-II 2022"]
[Site "Marianske Lazne"]
[Date "2022.01.21"]
[Round "8.8"]
[White "Finek, Vaclav"]
[Black "Malinovsky, Karel"]
[Result "1/2-1/2"]
[WhiteElo "2423"]
[BlackElo "2471"]
[Annotator "TA"]
[PlyCount "47"]
[EventDate "2022.01.15"]
[EventType "tourn"]
[EventCountry "CZE"]
[SourceTitle "playchess.com"]
[Source "ChessBase"]
[SourceQuality "1"]

{[%evp 17,47,25,32,16,10,15,41,15,15,8,14,6,22,23,25,25,25,20,17,0,2,0,0,0,0,0,0,0,8,0,0,0]} 1. d4 d5 2. c4 e6 3. Nf3 Nf6 4. g3 Be7 5. Bg2 O-O 6. O-O dxc4 7. Qc2 c6 8. Qxc4 b5 9. Qc2 Bb7 10. Rd1 {D30: Queen's Gambit Declined: Systems without Nc3.} Nbd7 {[%cal Bb8d7,Bd7f6,Bf6g4][%mdl 32]} 11. Nc3 Rc8 12. Bg5 {White is slightly better.} c5 13. Bxf6 Nxf6 14. Nxb5 {[#]} Qb6 $146 ({Predecessor:} 14... Be4 15. Qd2 Bxf3 16. exf3 Rb8 17. Bf1 a6 18. Na3 cxd4 19. f4 Ne4 20. Qxd4 Qxd4 21. Rxd4 Nxf2 22. Rd2 Ne4 23. Rc2 Bxa3 24. bxa3 a5 {½-½ (24) Heiermann,L (1864)-Luethi,T (1921) GER email 2019}) 15. Nc3 Bxf3 {A strong pair of Bishops.} 16. dxc5 Bxc5 17. exf3 Bd4 {The position is equal.} 18. f4 Ng4 $1 {[%cal Rd4f2]} 19. Rd2 Rfd8 $1 20. Re1 Rb8 21. Nd1 Rbc8 22. Nc3 Rb8 23. Nd1 Rbc8 24. Nc3 {A balanced but interesting game.  Weighted Error Value: White=0.05 (flawless) /Black=0.03 (flawless)} 1/2-1/2

[Event "Marienbad GM-II 2022"]
[Site "Marianske Lazne"]
[Date "2022.01.21"]
[Round "8.9"]
[White "Ghazarian, Kirk"]
[Black "Rasik, Vitezslav"]
[Result "1/2-1/2"]
[WhiteElo "2346"]
[BlackElo "2424"]
[Annotator "TA"]
[PlyCount "118"]
[EventDate "2022.01.15"]
[EventType "tourn"]
[EventCountry "CZE"]
[SourceTitle "playchess.com"]
[Source "ChessBase"]
[SourceQuality "1"]

{[%evp 15,118,12,22,14,10,16,10,17,22,10,12,7,29,31,31,30,25,22,37,15,29,26,27,25,18,21,25,22,71,27,35,29,34,41,42,34,100,104,96,94,130,108,127,112,113,100,144,136,168,154,134,140,214,178,291,256,395,395,395,372,366,356,254,239,1125,1207,1251,1267,1255,1266,1277,1252,1223,1200,1239,1133,1166,1041,955,896,2176,1654,1345,1263,525,8,8,8,8,8,8,8,8,8,8,8,8,0,8,8,8,8,8,8,51]} 1. e4 d6 2. d4 g6 3. Nc3 Nf6 4. Nf3 Bg7 5. h3 O-O 6. Be3 c6 7. a4 {[%cal Ba2a4,Ba4a5][%mdl 32]} Nbd7 8. a5 Qc7 9. Bd3 {B08: Pirc Defence: Classical System.} Rb8 10. O-O b5 11. axb6 axb6 12. d5 Bb7 {[%cal Rc6d5]} 13. dxc6 Bxc6 14. Nd4 Bb7 {[#]} 15. Ndb5 $146 ({Predecessor:} 15. Ncb5 Qd8 16. Ra7 Nc5 17. f3 e5 18. Ne2 d5 19. exd5 Nxd5 20. Bxc5 bxc5 21. Be4 {1-0 (61) Georgiadis,N (2473)-Schmidt,P (2384) Austria 2016}) 15... Qc8 16. Bd4 Ra8 17. Qf3 Qb8 18. Nd5 Nxd5 19. Bxg7 ({Reject} 19. exd5 Bxd4 20. Nxd4 Ne5 $15) 19... Kxg7 20. exd5 e6 21. c4 Nf6 (21... exd5 $11 {might be stronger.} 22. cxd5 Ra5) 22. Qg3 {White is much more active.} (22. Qf4 $16) 22... exd5 23. Nxd6 Rxa1 24. Rxa1 Rd8 25. Nf5+ Kh8 (25... Kf8 $1 $14 26. Qh4 Ng8) 26. Qxb8 $16 Rxb8 27. Nd6 {[%cal Bf5d6,Bd6f7,Bf7e5][%mdl 32]} Ra8 {To avoid Ra7} 28. Rxa8+ Bxa8 29. Nxf7+ {[%mdl 4096] Endgame KBN-KBN} Kg7 30. Ne5 Kf8 (30... dxc4 $142 31. Nxc4 (31. Bxc4 Kf8 $16) 31... Nd5) 31. f4 Ke7 32. Kf2 Kd6 33. g4 {[%cal Bg2g4,Bg4g5][%mdl 32]} Kc5 (33... dxc4 $16 {was necessary.} 34. Bxc4 (34. Nxc4+ Kc5 $16) 34... Nd5) 34. Ke3 $18 dxc4 (34... d4+ $142 35. Ke2 Bg2) 35. Bxc4 {g5 is the strong threat.} Bg2 (35... b5 {is a better defense.}) 36. g5 Nd5+ 37. Bxd5 Kxd5 {KB-KN} 38. h4 Bh3 {[#]} 39. Kf3 $1 b5 $2 {[#]} (39... Bc8 40. Ng4 Ke6) 40. Ng4 $1 Ke6 41. Ne3 Kd6 42. b4 Bc8 43. Ke4 Bb7+ 44. Kd4 Bf3 45. Nf1 Bg2 46. Ng3 {Black must now prevent h5.} Bf3 {Inhibits h5.} 47. Ke3 Bg2 48. h5 gxh5 49. Nxh5 Ke6 50. Nf6 $2 ({White has to play} 50. Ng7+ $18 Kf7 51. Nf5) 50... h6 $1 $11 {The position is equal.} 51. Nh5 hxg5 52. fxg5 {Threatening mate with Nf4+.} Kf5 53. g6 {Hoping for Kd4.} Bd5 54. Nf4 Bc4 55. Nd3 Ba2 56. Nf4 Bc4 57. g7 Kf6 58. Kd4 Kxg7 59. Kc5 Kf6 {Black defended with fortune.  Weighted Error Value: White=0.23 (precise) /Black=0.17 (very precise)} (59... Kf7 $11 {was preferrable.}) 1/2-1/2

[Event "Marienbad GM-II 2022"]
[Site "Marianske Lazne"]
[Date "2022.01.21"]
[Round "8.10"]
[White "Sorm, Daniel"]
[Black "Stefansson, Hannes"]
[Result "0-1"]
[WhiteElo "2348"]
[BlackElo "2518"]
[Annotator "TA"]
[PlyCount "80"]
[EventDate "2022.01.15"]
[EventType "tourn"]
[EventCountry "CZE"]
[SourceTitle "playchess.com"]
[Source "ChessBase"]
[SourceQuality "1"]

{[%evp 20,80,16,-3,-3,-1,-13,-19,-20,-24,8,0,0,0,0,2,39,32,30,39,32,17,44,33,37,0,0,-53,-58,-53,-81,-118,-103,-183,-184,-177,-183,-197,-201,-263,-266,-260,-267,-266,-262,-267,-241,-285,-264,-531,-524,-1062,-1062,-1050,-999,-916,-851,-775,-768,-754,-738,-29981,-29966]} 1. d4 Nf6 2. c4 e6 3. Nc3 Bb4 4. e3 O-O 5. Bd3 d5 6. a3 Bxc3+ 7. bxc3 dxc4 8. Bxc4 c5 9. Ne2 Qc7 10. Bd3 e5 {[%cal Be6e5,Be5d4,Bd4e3][%mdl 32]} 11. O-O Nc6 {E49: Nimzo-Indian: Rubinstein: 5 Bd3 d5 6 a3 Bxc3+ 7 bxc3.} 12. e4 {Recently 12.Ng3 got a lot of attention.} cxd4 13. cxd4 exd4 {The position is equal.} 14. f4 Ng4 15. h3 Ne3 16. Bxe3 dxe3 17. Qc1 {[#]} Qb6 $146 (17... Rd8 $5 {[%cal Rd8d3]} 18. Qxe3 Qb6 19. Qxb6 axb6 $11) ({Predecessor:} 17... Rd8 18. Qxe3 b6 19. Rac1 Bb7 20. Bc4 Qe7 21. Ng3 g6 22. Ba2 Rd6 23. e5 Rad8 24. Ne4 Rd3 25. Qf2 Nd4 26. Nf6+ Kh8 27. Kh2 Rd2 {0-1 (27) Peralta,F (2570)-Visakh,N (2516) Barcelona 2021}) 18. Rb1 Qa5 19. Rd1 {Prevents Qd2.} Rd8 20. Rb5 Qc7 21. Qxe3 Be6 {[%cal Oe6c4]} 22. Rdb1 Qd6 23. Nc1 ({White should try} 23. f5 $11) 23... Qxa3 $15 24. e5 {[%cal Od3h7]} g6 $1 {And now ...Nd4 would win.} 25. f5 {White is on the road to losing.} Bxf5 {[%cal Rd8d3]} 26. R1b3 (26. R5b3 $17 {might work better.} Qe7 27. Bxf5 Rd1+ 28. Kh2 gxf5 29. Qg3+ Kh8 30. Rxb7 Qxe5 31. Qxe5+ Nxe5 32. R1b5) 26... Qa1 $19 27. Bxf5 Rd1+ (27... gxf5 $2 28. Qg5+ Kf8 29. Qh6+ Ke8 30. e6 $18) 28. Kh2 {[%cal Ob5c5] Threatens to win with Rc5!} Qxc1 (28... gxf5 $2 29. Qg5+ Kf8 30. Qh6+ Ke8 31. e6 $1 $18) (28... Rxc1 29. Bb1 a6 30. Qxc1 $17 (30. e6 $2 axb5 31. exf7+ Kxf7 $17)) 29. Be4 {[#]} Nd4 $1 30. Qxc1 Rxc1 31. Rb1 Rxb1 ({Stronger than} 31... Nxb5 32. Rxc1 Rb8 33. Kg3 $17) 32. Rxb1 {[%mdl 4096] Endgame KRB-KRN} Rb8 ({Inferior is} 32... Re8 33. Rxb7 Rxe5 34. Bd3 $17) 33. Bxb7 Ne6 34. Rb5 (34. Be4 {is the only way for White.} Rxb1 35. Bxb1) 34... a5 {[%cal Ba7a5,Ba5a4,Ba4a3][%mdl 32]} 35. Bc6 Rxb5 36. Bxb5 Nc5 37. Kg3 a4 38. Kf3 a3 {Strongly threatening ...a2.} 39. Bc4 {[#]} Nd3 $1 {[%mdl 512]} 40. e6 (40. Ke4 Nc1) 40... Ne5+ {Weighted Error Value: White=0.63/Black=0.04 (flawless)} 0-1

[Event "Marienbad GM-II 2022"]
[Site "Marianske Lazne"]
[Date "2022.01.22"]
[Round "9.6"]
[White "Stefansson, Hannes"]
[Black "Lalith Babu M R"]
[Result "1/2-1/2"]
[WhiteElo "2518"]
[BlackElo "2553"]
[Annotator "TA"]
[PlyCount "43"]
[EventDate "2022.01.15"]
[EventType "tourn"]
[EventCountry "CZE"]
[SourceTitle "playchess.com"]
[Source "ChessBase"]
[SourceQuality "1"]

{[%evp 22,23,0,0]} 1. e4 c6 2. d4 d5 3. Nc3 {[%cal Bb1c3,Bc3e4,Be4g3][%mdl 32]} dxe4 4. Nxe4 Bf5 5. Ng3 Bg6 6. h4 h6 7. Nf3 Nd7 8. h5 Bh7 9. Bd3 Bxd3 10. Qxd3 e6 11. Bd2 Ngf6 12. O-O-O {[#]} {Predecessor:} Be7 $146 {B19: Classical Caro-Kann: 4...Bf5 main line.} 13. Kb1 O-O 14. Ne4 c5 15. g4 c4 16. Nxf6+ Nxf6 17. Qxc4 Nxg4 18. Qe2 Qd5 19. Rdg1 f5 20. c4 Qd7 21. Re1 Kf7 22. Rhg1 {1-0 (79) So,W (2772)-Caruana,F (2791) Chess.com INT 2021} 1/2-1/2